00652pam a2200193 i 450000500170000000800410001702000150005804000300007304100080010304400080011108200180011910000250013724500560016226000480021830000350026650400530030165000180035485600860037220160119034655.0911008s1992 nyua b 001 0 eng  a0195069404 aDLCcDLCdDLCdCO-BoIAVH  aeng axxu04a570.011bF61a1 aFletcher, Neville H.10aAcoustic systems in biology /cNeville H. Fletcher. aNew York :bOxford University Press,c1992. axiii, 333 p. :bill. ;c25 cm. aIncluye referencias bibliográficas e índice.16aBioacústica413Tabla de contenidouhttp://www.loc.gov/catdir/enhancements/fy0606/91037413-t.html